青果集
| 資料類型: | 圖書 | 書目號: | 29519 |
Leader xxxxxxxxxx 001 __ 85035680 005 __ 19960814125513.0 008 __ chi 010 0_ |a|b平裝|dNT$90 100 __ |a19920518d1973 bb 1chiy0109 e. 101 __ |a 102 __ |acw. 105 __ |ayyyyzzzz000yy. 200 1_ |a青果集|e|f阿濃著. 205 __ |a初版 210 __ |a臺北市|c文帥出版|d民76 215 0_ |a224面.|c|d19公分 225 __ |a綺麗文庫|v3 260 1_ |a1973. 681 __ |a856.9 700 _1 |a阿|b濃|f1928-|4著. 702 __ |a|b|4 801 _0 |bTML. |